[Event "UKR-ch KO 74th"]
[Site "Rivne"]
[Date "2005.08.31"]
[Round "4.2"]
[White "Neverov, Valeriy"]
[Black "Efimenko, Zahar"]
[Result "1-0"]
[WhiteElo "2572"]
[BlackElo "2643"]
[Annotator "Ribli,Z"]
[PlyCount "135"]
[EventDate "2005.08.24"]
[EventType "k.o."]
[EventRounds "5"]
[EventCountry "UKR"]
[SourceTitle "CBM 109"]
[Source "ChessBase"]
[SourceDate "2005.11.14"]
[SourceVersion "1"]
[SourceVersionDate "2005.11.14"]
[SourceQuality "1"]

1. c4 e6 2. Nf3 Nf6 3. g3 d5 4. b3 Be7 5. Bg2 O-O 6. O-O c5 {Eine natürliche
Fortsetzung, jedoch ist mir die Alternative 6...b6 7.Bb2 Bb7 8.e3 Nbd7
"sympatischer".} 7. Bb2 Nc6 8. e3 dxc4 (8... b6 9. Nc3 Bb7 10. cxd5 Nxd5 (10...
exd5 11. d4 $14) 11. Nxd5 Qxd5 (11... exd5 12. d4 $14) 12. d4 $14) (8... Re8 9.
Qe2 Bf8 10. d3 a5 11. Nc3 d4 12. exd4 cxd4 13. Nb5 e5 14. a3 Bf5 15. Rae1 Nd7
16. Nh4 Be6 17. Qd1 Nc5 {0-1 Neverov,V-Grabowski,A/Odessa 1990/EXT 97 (29)}) 9.
bxc4 Qd3 (9... Qb6 $5 10. Qc1 (10. Qb3 Na5 $1 (10... Qc7) 11. Qxb6 axb6 12. Rc1
Rd8 13. d4 Bd7 14. Ne5 Be8 15. Nd2 Nc6 16. Nb3 cxd4 17. exd4 Ba3 18. Bxa3 {
1/2-1/2 Giardelli,S-Soppe,G/Tres de Febrero 2003/(18)}) 10... Nb4 11. Ne1 Rd8
12. a3 Nd3 13. Nxd3 Rxd3 14. a4 Qd8 15. Qc2 Rd7 16. Rd1 Rb8 17. a5 {1/2-1/2
Bischoff,K-Pogorelov,R/Istanbul 2003/(51)}) 10. Qb3 (10. Qc1 h6 11. Rd1 Rd8 12.
Ne1 Qh7 13. d4 cxd4 14. exd4 Bd7 15. d5 exd5 16. cxd5 Na5 17. Qc3 b6 18. d6 {
1-0 Kostic,V-Brkljaca,A/Valjevo 2005/ (27)}) 10... Rd8 (10... Qxb3 $6 11. axb3
$14 {Und Weiß kann 11.d4 ziehen mit einer sehr starken Zentrumsstellung.}) 11.
Rd1 (11. Qxd3 Rxd3 12. Rd1 Nb4 13. Nc3 Rd8 14. d4 Bd7 15. d5 exd5 16. cxd5 Bd6
17. a3 Na6 18. Nd2 {1-0 Fluvia Poyatos,J-Dorca Dilme,R/Baynoles 2003/EXT 2005 
(31)}) 11... a6 12. Qxd3 Rxd3 13. Nc3 Rd8 {Schwarz muss mit dem Turm
zurückgehen, da sonst Ne1 droht.} (13... Bd7 14. Ne1 Rd6 15. Na4) 14. Rab1 Rb8
15. Na4 $1 {[%csl Yb6][%cal Ga4b6][%mdl 32] Der Springer zielt auf das Feld b6
und gleichzeitig ist die Diagonale des Läufers b2 geöffnet, mit der
Möglichkeit d2-d4, zu spielen.} (15. Ba1 Bd7 16. Kf1 Bd6 17. d3 Na5 18. a4 Kf8
19. Ke2 Be8 20. h3 h6 21. g4 Bc6 {1/2-1/2 Van Wely,L-Bosch,J/Arnhem 1989/TD 
(68)}) (15. d4 $5) 15... Bd7 (15... b5 16. cxb5 axb5 17. Nxc5 $1 (17. Bxf6 gxf6
18. Nxc5 $1 Bxc5 19. Rdc1) 17... Bxc5 18. Rdc1 $14) 16. Nb6 $14 {[%csl Gb6]
Der Nb6 paralysiert den schwarzen Damenflügel und mit zwei Läufern auf den
großen Diagonalen besitzt Weiß etwas bessere Chancen. Die Option d2-d4 zu
ziehen, um eine starke Zentrumstellung zu erreichen, steht weiterhin offen.}
Bd6 17. d4 cxd4 18. exd4 {[%csl Gb2,Gc4,Gd4,Gg2] Weiß hat ein starkes
Bauernzentrum und aktiveres Figurenspiel.} Be8 (18... Ne7 19. Ne5) 19. d5 exd5
20. cxd5 Ne7 21. Ne5 (21. Bxf6 gxf6 22. Nd2 $16) 21... Nc8 22. Nbc4 (22. Nec4
Nxb6 23. Nxb6 Nd7 24. Bd4) 22... Bb5 23. Nxd6 Nxd6 {[%csl Gd6] Auch wenn der
Nd6 den Bauern auf d5 blockert, so besitzt Weiß aufgrund seines Läuferpaars
und Raumvorteil etwas bessere Aussichten.} 24. Ba3 (24. Bd4 $14) 24... Rbc8 25.
Rdc1 (25. Rbc1) 25... Nfe8 26. Bh3 (26. h3 $14) 26... Rxc1+ 27. Rxc1 Ne4 $1
$132 {[%csl Rd5]} 28. Bg2 Rxd5 29. Nxf7 $6 (29. Bxe4 Rxe5 30. Bxb7 Re2 31. Bd5
$11) 29... N8f6 $1 $15 {[%csl Rf7]} (29... Kxf7 30. Bxe4 $14) 30. f3 Nxg3 (
30... Kxf7 31. fxe4 Rd3 32. Rc7+ Kg6 33. Bb4 $11) (30... Nc3 31. Rxc3 Rd1+ 32.
Kf2 Rd2+ 33. Kg1 Kxf7 34. Rc7+ Kg6 35. Rxb7 Rxa2 $15) 31. Nh6+ {Weiß kann zwar
seinen Springer nicht retten, aber er verschlechtert mit diesem Zug die
schwarze Bauernstruktur.} gxh6 32. hxg3 Bc6 (32... Rd2 33. Rc8+ Kf7 34. Rc7+
Kg6 35. Rxb7 Rxa2 36. Bc5) 33. Bb2 {Weiß hat einen Bauern weniger, aber
besitzt das Läuferpaar, während die schwarzen Bauernmajorität am Königsflügel
wenig wertvoll ist.} Kf7 34. Rc2 {[%cal Gc2h2] Weiß sichert mit dem Turm die
zweite Reihe.} Rd3 35. Kf2 h5 36. Bc1 Nd7 37. Bf4 Nf8 38. Be3 Ne6 39. Bf1 {
Endlich kommt der weißfeldrige Läufer von Weiß ins Spiel.} Rd6 40. Bc4 {
[%csl Gc4,Ge3][%cal Gc4f7]} Kf6 41. Bc1 Ng5 42. Ba3 Rd7 43. Be2 Kg6 {[%cal
Gd7f7,Gf7f3] Der schwarze König macht Platz für den Turmzug 44...Rf7.} 44. Bc1
Rf7 45. Bxg5 $1 (45. Rc3 $4 Ne4+ $19) (45. Bd3+ Be4 46. Bxe4+ Nxe4+ 47. Kg2 Nd6
$15) 45... Kxg5 46. f4+ Kg6 (46... Kh6 47. Rc5 h4 48. Rh5+ Kg7 49. Rxh4 Rd7 $11
) 47. Rc5 $1 $132 {[%csl Gc5,Rh5][%cal Rc5h5] Der Ph5 ist bedroht und 47...
h4?? geht nicht wegen 48.Bh5+ mit Qualitätsverlust.} (47. Bxa6 h4 $11) 47...
Rd7 48. Rg5+ (48. Rxh5 Rd2) 48... Kf6 49. Rxh5 Be4 (49... Rd2 50. Ke3 Rxa2 51.
Rxh7) 50. g4 Rd2 51. a4 Bd3 $2 (51... Bg6) (51... Ra2 $1 52. Ke3 (52. a5 Bd3
53. Re5 Bxe2 54. g5+ Kf7 55. Rxe2 Rxa5 $15) 52... Rxa4 53. Bd1 Rb4 54. Re5 $44)
52. Ke3 Rxe2+ 53. Kxd3 {[%mdl 4096] Schwarz befindet sich in einem Endspiel,
in dem Weiß viel aktiver steht.} Re7 (53... Ra2 54. a5 $16) (53... Rg2 54. Rh6+
Kg7 55. Rb6 Rxg4 56. Ke4 $16) 54. Rh6+ Kg7 55. Rb6 $16 {[%csl Gb6,Re7,Gf4,Gg4,
Rg7][%cal Gb6b7,Gb6h6] Der Rb6 dominiert auf dem Brett während Schwarz mit
seinem Turm die 7. Reihe nicht verlassen kann, da dann der Pb7 fällt;
gleichfalls wird dem schwarzen König der Zugang zu 6. Reihe abgeschnitten.} Kg8
56. Kd4 Kf7 57. a5 {Stufenweise verbessert Weiß seine Stellung, während
Schwarz nur warten kann.} Kg8 58. Kd5 Kf8 59. f5 Kf7 60. g5 Rd7+ 61. Ke5 Kf8 (
61... Re7+ 62. Re6 Rd7 (62... Rxe6+ 63. fxe6+ Ke7 64. Kd5 $18) 63. Rf6+) 62.
Rf6+ Kg8 (62... Kg7 63. Rd6 Re7+ 64. Re6 Rc7 65. Kd6 Rc6+ 66. Kd7 $18) 63. Rd6
Rc7 (63... Re7+ 64. Kf6 Rf7+ 65. Ke6 $18) 64. Ke6 $18 {[%csl Rc7,Gd6,Ge6,Rg8]}
Rc1 65. Rd8+ Kg7 66. f6+ Kg6 67. Rg8+ Kh5 68. f7 1-0

[Event "FIDE-Wch k.o."]
[Site "Tripoli"]
[Date "2004.06.19"]
[Round "1.1"]
[White "Kotsur, Pavel"]
[Black "Sadvakasov, Darmen"]
[Result "0-1"]
[WhiteElo "2586"]
[BlackElo "2626"]
[Annotator "Ribli,Z"]
[PlyCount "92"]
[EventDate "2004.06.19"]
[EventType "k.o."]
[EventRounds "7"]
[EventCountry "LBY"]
[SourceTitle "CBM 102"]
[Source "ChessBase"]
[SourceDate "2004.09.23"]
[SourceVersion "1"]
[SourceVersionDate "2004.09.23"]
[SourceQuality "1"]

{[%mdl 2048]} 1. Nf3 Nf6 2. c4 b6 3. g3 Bb7 4. Bg2 e6 5. O-O Be7 6. b3 {
Dieser genügsame Zug bietet Weiß wenig Hoffnung auf Eröffnungsvorteil.} O-O 7.
Bb2 c5 8. e3 d5 9. Qe2 Nbd7 {Die andere mögliche Springerentwicklung wäre 9...
Nc6, aber der Textzug ist elastischer.} 10. Nc3 Qc7 11. Rac1 Rac8 12. Rfd1 Qb8
13. cxd5 exd5 {Nach meiner Meinung ist dies weniger gut, denn Schwarz muss
bald mit einem isolierten Bauern spielen, während er nach 13...Nxd5 eine
bequeme, ausgeglichene Stellung hat.} 14. d4 Rfe8 15. Bh3 $14 {[%csl Yd5][%cal
Gb2h8,Gh3c8] Weiß hat einigen Raumvorteil und zwei aktive Läufer, während der
schwarze d5P eine potenzielle Schwächung ist. Der Läufer steht aktiv auf h3,
aber sein natürlicher Platz ist die h1-a8-Diagonale. Statt der
Partiefortsetzung scheint mir 15.dxc5 konsequenter zu sein.} Rcd8 16. Qc2 {
Der Turm steht statt c8 schon auf d8, so dass das c2-Feld ein ruhiget Platz
für die Dame ist.} Nf8 17. Ne2 {[%cal Ge2f4,Gf4d5,Gb2h8] Weiß bereitet das
Springermanöver nach f4 vor und öffnet gleichzeitig die Diagonale des
b2-Läufers.} Ne4 (17... c4 $5 18. Ne5 b5) 18. Nf4 Ng6 19. Nxg6 (19. Nd3 Bc8 20.
Bg2 (20. Bxc8 Qxc8 $11 (20... Rxc8 $11)) 20... Bf5 $11 {[%cal Gf5c2]}) 19...
hxg6 20. Bg2 {[%cal Gg2b7] Endlich kommt der weiße Läufer auf g2 zurück.} Qc8 {
[%cal Gc8e6]} 21. Ne5 Qe6 22. Nd3 {[%cal Gd3f4,Gf4e6] Der Springer zielt auf
das Feld f4. Bemerkenswert ist, dass die weißen Läufer viel aktiver stehen als
die schwarzen Kollegen.} g5 {Schwarz verhindert den Zug 23.Nf4.} 23. Qe2 (23.
dxc5 bxc5 24. f3 Nf6 (24... c4 25. bxc4 Nc5 26. Bd4 $16) 25. Nxc5 Qxe3+ 26. Qf2
Qxf2+ 27. Kxf2 $14) 23... Ba6 {[%cal Ga6e2]} 24. Qh5 $6 (24. dxc5 bxc5 25. Qh5
Bxd3 26. Rxd3 g4 27. h3 $14) 24... g6 {Wäre der Zugpaar 24...dxc5 bxc5
gespielt, wäre dieser Zug ganz schlecht wegen des Matts auf h8.} 25. Qe2 Rc8
$132 26. Qe1 (26. dxc5 $6 Nxc5 27. Nxc5 Bxe2 28. Nxe6 Bxd1 29. Nc7 Red8 30.
Nxd5 Rxc1 31. Nxe7+ Kf8 32. Nxg6+ fxg6 33. Bxc1 g4 $15) 26... Qf5 27. Ne5 $6 (
27. dxc5 Bxd3 28. Rxd3 bxc5 29. Rcd1 Red8 30. f3 Nf6 31. e4 $14) 27... cxd4 28.
Rxc8 $2 {[%mdl 16384] Dieser Zug ist nicht logisch, Weiß gibt von selbst die
c-Linie auf.} (28. Bxd4 $11) 28... Rxc8 29. Bxd4 Rc2 $17 {[%csl Ga6,Gc2,Ge4,
Gf5][%cal Rc2a2,Rc2h2] Das Eindringen des Turmes ist sehr unangenehm für Weiß
- die schwarzen Figuren stehen viel aktiver.} 30. f3 Re2 31. Qf1 Nc5 (31...
Rxa2 32. Qe1 Re2 33. Qf1 Nc5 $17) 32. e4 (32. Nc6 Qc2 $17 {Die schwarze
Drohung ist 33...Rxg2+.}) 32... Qc8 33. Bh3 Qe8 (33... Qc7 $17) 34. Nc4 {
Weiß muss die Diagonale des a6-Läufers - wenn möglich - schließen.} (34. exd5
Rxe5 $19) 34... Rxa2 35. exd5 Nxb3 {[%csl Rc4,Rf1][%cal Ra6f1][%mdl 2048]} 36.
d6 Nxd4 (36... Bxd6 37. Nxd6 Qa4 $19) 37. Rxd4 Bf6 (37... Bxd6 $1 38. Rxd6 Bxc4
) 38. Re4 Qa4 $19 {[%csl Rc4][%cal Ra2a1,Ra1g1] Schwarz hat nur einen
Mehrbauern, aber alle seine Figuren stehen sehr aktiv, was die Partie
entscheidet. Der weiße d-Bauer ist leicht zu halten.} 39. Qd3 Qc2 40. Qxc2 Rxc2
41. Bf1 (41. Ne3 Rd2 42. Ra4 Bb5 43. Rxa7 Bd4 44. Re7 Bc5 $19) 41... Kg7 42.
Bd3 Rc3 43. Be2 Bb7 44. Re7 (44. Re8 g4 $19) (44. Re3 Rxe3 45. Nxe3 Bc6 $19 {
[%cal Gb6b5]}) 44... Bxe7 45. dxe7 Bc6 46. Kf2 Kf6 0-1

[Event "Dortmund-B"]
[Site "Dortmund"]
[Date "1991.??.??"]
[Round "8"]
[White "Vokac, Marek"]
[Black "Geller, Efim P"]
[Result "0-1"]
[WhiteElo "2455"]
[BlackElo "2525"]
[Annotator "Ribli,Z"]
[PlyCount "114"]
[EventDate "1991.03.23"]
[EventType "tourn"]
[EventRounds "9"]
[EventCountry "GER"]
[EventCategory "10"]
[SourceTitle "CBM 023"]
[Source "ChessBase"]
[SourceDate "1991.08.01"]
[SourceVersion "1"]
[SourceVersionDate "1991.08.01"]
[SourceQuality "1"]

1. Nf3 d5 2. c4 e6 3. b3 Nf6 4. Bb2 Be7 5. g3 c5 6. Bg2 Nc6 7. O-O $2 (7. cxd5
exd5 8. d4 O-O 9. O-O) 7... d4 8. e3 e5 9. exd4 exd4 10. d3 O-O 11. Na3 Bf5 12.
Nc2 a5 13. a3 Qb6 14. Nh4 Bg4 15. Qd2 Rfe8 (15... Nd7 $5 16. h3 Be6 17. Rab1
Bxh4 18. gxh4 Bf5 19. f4 Rfe8 20. Rf3 Re6 21. Bc1 Rae8 $15 {Schneider,A-Inkiov,
V Stara Zagora zt-B 1990 CBM/17}) 16. h3 Bd7 17. Rab1 Bf8 18. Ba1 Qc7 19. b4
axb4 20. axb4 Ra2 21. bxc5 Bxc5 22. Rb2 Rea8 23. Rfb1 b6 24. Nf3 h6 25. Qd1 Qd6
26. Nd2 Rxb2 27. Bxb2 Ra2 28. Ne1 Nb4 29. Ne4 $2 Nxe4 30. Bxe4 Bxh3 31. Ra1
Rxa1 32. Qxa1 Bd7 33. Nf3 Bc6 34. Bxc6 Nxc6 35. Qa8+ Kh7 36. Qe8 Qf6 37. Kg2 g6
38. Bc1 Nb4 39. Qe4 Qc6 40. Qf4 Kg8 41. Qb8+ Kg7 42. Qe5+ f6 43. Qe2 g5 44. Kg1
Qd7 45. Bb2 Nc6 46. Qe4 f5 47. Qe2 Kf6 48. Nd2 Qe6 49. Qd1 Kg6 50. Kf1 g4 51.
Nb3 h5 52. Nc1 Ne5 53. Ne2 Qc6 54. Nf4+ Kf7 55. Nd5 b5 56. Qe1 Nxd3 57. Qd2
bxc4 0-1

[Event "Buenos Aires Najdorf"]
[Site "Buenos Aires"]
[Date "1991.??.??"]
[Round "1"]
[White "Tal, Mihail"]
[Black "Cifuentes Parada, Roberto"]
[Result "1/2-1/2"]
[WhiteElo "2565"]
[BlackElo "2510"]
[Annotator "Ribli,Z"]
[PlyCount "52"]
[EventDate "1991.04.??"]
[EventType "tourn"]
[EventRounds "13"]
[EventCountry "ARG"]
[EventCategory "11"]
[SourceTitle "CBM 024"]
[Source "ChessBase"]
[SourceDate "1991.10.01"]
[SourceVersion "1"]
[SourceVersionDate "1991.10.01"]
[SourceQuality "1"]

1. Nf3 Nf6 2. c4 e6 3. g3 d5 4. b3 Be7 5. Bg2 O-O 6. Bb2 b6 7. O-O Bb7 8. e3
Nbd7 9. Qe2 a5 (9... dxc4 $5 10. bxc4 Nc5 $13) 10. Nc3 Ne4 11. cxd5 exd5 12. d3
(12. Rfd1 $5) 12... Nxc3 13. Bxc3 c5 14. Qb2 Bf6 15. d4 Qe7 16. Rfd1 Rfe8 17.
Rac1 Rac8 18. Bh3 Rc7 19. Qd2 Nf8 20. dxc5 Bxc3 21. Qxc3 Rxc5 22. Qd3 Qc7 23.
Qd2 Ne6 24. Nd4 Nxd4 25. exd4 Rxc1 26. Rxc1 Qd6 1/2-1/2

[Event "NED-chT playoff"]
[Site "Enschede"]
[Date "2004.05.21"]
[Round "2"]
[White "Timman, Jan H"]
[Black "Feygin, Michael"]
[Result "1/2-1/2"]
[WhiteElo "2576"]
[BlackElo "2491"]
[Annotator "Ribli,Z"]
[PlyCount "94"]
[EventDate "2004.05.20"]
[EventType "team"]
[EventRounds "2"]
[EventCountry "NED"]
[SourceTitle "CBM 101"]
[Source "ChessBase"]
[SourceDate "2004.07.27"]
[SourceVersion "1"]
[SourceVersionDate "2004.07.27"]
[SourceQuality "1"]

1. Nf3 d5 2. c4 e6 3. b3 Nf6 4. Bb2 c5 5. e3 {Weiß muss früher oder später so
spielen, denn nach 5.g3 Nc6 6.Bg2 kommt schon 6...d4 und im Falle von 7.e3,
kann Schwarz schon 7...e5 ziehen.} Nc6 6. g3 Be7 7. Bg2 O-O 8. O-O b6 9. Nc3
Ba6 {Das ist eine relativ seltene, aber nicht schlechte Fortsetzung.} (9...
dxc4 10. bxc4 Bb7) (9... Bb7 {Dieser logisch erscheinende Zug hat auch seine
Nachteile.} 10. cxd5 Nxd5 11. Nxd5 Qxd5 12. d4 $14 {[%csl Gb2,Rd5,Gg2]}) 10. d3
Rc8 (10... Qd7) 11. Qe2 (11. Rc1 Qd7 12. Rc2 Rfd8 13. Rd2 Qc7 14. Qa1 Qb8 15.
Rfd1 d4 16. exd4 Nxd4 17. Nxd4 cxd4 18. Nb1 e5 19. Re2 Re8 20. Ba3 Bxa3 21.
Nxa3 Qd6 {1/2-1/2 Hickl,J-Marcelin,C/Hofheim GER 2003/(37)}) (11. e4 $5 d4 12.
Nb5) 11... Qd7 {Der schwarze Läufer steht weniger gut auf a6, aber Schwarz hat
eine bequeme Stellung ohne Eröffnungsprobleme.} (11... Re8 12. Rfd1 Bf8 13. a3
$5 (13. Rac1 d4 14. exd4 cxd4 15. Ne4 e5 16. Nxf6+ Qxf6 17. a3 Bb7 18. b4 a5
19. b5 Nb8 {0-1 Bauert,R-Wirthensohn,H/Switzerland 2003/EXT 2004 (42)}) 13...
g6 14. Na2 $1 Bg7 (14... b5 15. b4 $1 bxc4 16. dxc4 cxb4 17. axb4 Bxb4 (17...
Bxc4 18. Qxc4 dxc4 19. Rxd8 Rexd8 20. Bxf6 $16) 18. Nxb4 Nxb4 19. Ne5 Qe7 20.
Qf3 $16) 15. b4 Nb8 16. Nc3 Nbd7 17. b5 Bb7 18. a4 $14 Rc7 $6 (18... Qc7) 19.
a5 h6 $5 (19... e5 20. cxd5 Nxd5 21. Nxd5 Bxd5 22. Nd2 Bxg2 23. Kxg2 $16) 20.
Na4 Nh7 21. Bxg7 Kxg7 22. cxd5 $5 Bxd5 $6 (22... exd5 23. d4 Nhf6 $14) 23. e4
Ba8 24. d4 {0-1 Chuchelov,V-Michaelsen,N/Fuerth 1999/EXT 2000/[Chuchelov] (39)}
) 12. Rfd1 (12. Rad1 Rfd8 13. Nb5 Bxb5 14. cxb5 Na5 15. d4 c4 16. bxc4 Nxc4 17.
a4 Qd6 18. Ra1 Ne4 19. Ne5 Ned2 20. Nxc4 Nxc4 {1/2-1/2 Balashov,Y-Rychagov,A/
St Petersburg 1998/CBM 67 ext (31)}) 12... Rfd8 13. Nb5 $6 {Dieser direkte Zug
führt zu Vereinfachungen, wonach Schwarz bequemes Spiel bekommt.} (13. a3 Qc7
14. Nb5 Qb8 15. e4 dxe4 16. dxe4 e5 17. Bh3 Rxd1+ 18. Rxd1 Rd8 19. Rxd8+ Bxd8
20. Qd3 Nd4 21. a4 Bb7 22. Nd2 {1/2-1/2 Dilleigh,S-Jackson,A/Birmingham 2002/
EXT 2003 (22)}) (13. Rac1 Qe8 $11) 13... Bxb5 14. cxb5 Na5 {[%csl Rb5] Jetzt
hängt der b5P und da die weiße Dame auf e2 steht, kann Weiß nicht 15.a4
spielen.} 15. d4 c4 (15... cxd4 $6 16. Nxd4 $14 {[%csl Yc6]}) 16. Ne5 $6 {
Weiß opfert einen Bauern für Aktivität. Ich glaube, es wäre besser mit der
genügsamen Alternative 16.bxc4 fortzusetzen.} (16. bxc4 Nxc4 17. a4 $11) 16...
Qxb5 17. Bc3 {[%cal Ge2b5]} Nd7 {Gute Idee - Schwarz möchte die beste weiße
Figur, den e5-Springer, tauschen.} (17... Ne4 18. Bxa5 Qxa5 19. Bxe4 dxe4 20.
Nxc4 Qd5 $15) 18. e4 {[%cal Gg2a8]} (18. Nxd7 Qxd7 19. Bxa5 bxa5 20. bxc4 Rxc4
$15 {Schwarz hat einen Doppelbauern auf der a-Linie, aber er hat einen Bauern
mehr.}) 18... Nxe5 19. dxe5 d4 $1 {[%mdl 32] Schwarz gibt den Bauern zurück,
aber er schließt den weißen Läufer auf g2 ein.} (19... Nc6 20. exd5 exd5 21.
bxc4 Qxc4 (21... dxc4 22. e6 $44 (22. Qh5 $44)) 22. Qxc4 dxc4 23. Rxd8+ Nxd8
24. Rd1 $44) 20. Bxd4 (20. Rxd4 Rxd4 21. Bxd4 Nc6 $15) 20... Qb4 {Die Dame
geht weg von der Fesselung auf der f1-a6 Diagonale.} (20... Nc6 21. Bc3 Nxe5
$15) 21. bxc4 Nxc4 {[%csl Gc4]} (21... Qxc4 $15) (21... Nc6 22. Bb2 Qc5 23.
Rxd8+ Rxd8 24. Rd1 Rxd1+ 25. Qxd1 Qxc4 $15) 22. Rac1 a6 (22... b5 23. Bxa7 Qa3
{[%csl Ra7]} 24. Rxd8+ Rxd8 25. Be3 Nxe3 26. Qxe3 Qxa2 $15 (26... Qxe3 27. fxe3
b4 $15)) 23. Bf1 b5 {[%csl Gc4,Re4,Re5,Rf1] Schwarz hat kleinen, aber
dauerhafte Positionsvorteil - sein c4N dominiert auf dem Brett, der f1B steht
passiv und Weiß hat immer Probleme mit seinen Doppelbauern auf e4 und e5.} 24.
Qc2 h6 $6 {Das ist der sichere Zug - Schwarz öffnet seine Grundlinie -, aber
die taktische Möglichkeit 24...Ne3!? scheint mir noch besser.} (24... Ne3 $5 {
[%cal Rc8c2,Re3c2,Re3d1]} 25. Bxe3 (25. Qxc8 Nxd1 $19) (25. fxe3 Rxc2 26. Rxc2
Qa4 $17) 25... Rxc2 26. Rxd8+ Bxd8 27. Rxc2 h6 28. Rc8 Qa5 $17) 25. Bc3 Qc5 (
25... Qa3 $15) 26. Rxd8+ Bxd8 (26... Rxd8 $5 27. Ba5 Rc8 28. Bxc4 Bg5 $1 $17 (
28... Qxc4 29. Qxc4 Rxc4 30. Rxc4 bxc4 31. Bc3 $15)) 27. Bb2 Bg5 28. Rd1 Nd2 {
Dieser Zug ist wirklich überraschend und schön, aber leider nicht die beste
Möglichkeit für Schwarz.} (28... Nxb2 $1 29. Qxb2 Qc2 30. Qxc2 Rxc2 31. Rd7 Bc1
(31... Rxa2 $2 32. f4 $16 {[%csl Rg5]}) 32. Ra7 b4 33. Rxa6 Ba3 $15) 29. Qxc5
Rxc5 30. Bd3 $11 {[%csl Gb2,Gd3][%mdl 256] Die weißen Läufer kontrollieren die
Eindringungsmöglichkeiten. Schwarz hat eine Bauernmehrheit am Damenflügel,
aber ich sehe nicht, wie er diese Mehrheit mobilisieren kann.} Nc4 (30... Nf3+
$4 31. Kg2 Nxe5 32. Bxe5 Rxe5 33. f4 $18) 31. Bd4 Rc6 32. Kf1 (32. f4 Be7 33.
Kf2 Bc5 34. Bxc5 Rxc5 35. Be2 $11) 32... Kf8 33. Ke2 Ke8 34. f4 {Endlich
mobilisiert Weiß seine Bauern am Königsflügel.} Be7 35. Rc1 Ba3 (35... Bc5 $4
36. Bxc4 Bxd4 37. Bxb5 $18) 36. Rb1 (36. Rc2 $11) 36... Na5 37. Be3 Nc4 (37...
Bc5 38. Bxc5 (38. Bd2 Nc4 39. Bxc4 bxc4 40. Bc3 $11) 38... Rxc5 39. a4 $11) 38.
Bd4 (38. Bxc4 Rxc4 39. Kd3 Be7 $15) 38... Na5 39. Be3 h5 40. h3 {Schwarz ist
nicht zufrieden mit der Zugwiederholung, aber er kann seine Stellung nicht
mehr verbessern.} Nc4 41. Bd4 Na5 42. Be3 Nc4 43. Bd4 Bf8 44. a4 $5 b4 (44...
bxa4 $2 45. Rb8+ Ke7 46. Bc2 $16) 45. Bxc4 Rxc4 46. Kd3 Rc8 47. a5 {Mit diesem
Zug lässt Weiß den Gegner nicht a6-a5 ziehen.} Kd7 1/2-1/2

[Event "Interzonal-15"]
[Site "Manila"]
[Date "1990.??.??"]
[Round "7"]
[White "Ftacnik, Lubomir"]
[Black "Van Riemsdijk, Herman Claudius"]
[Result "1-0"]
[WhiteElo "2550"]
[BlackElo "2440"]
[Annotator "Ribli,Z"]
[PlyCount "81"]
[EventDate "1990.06.29"]
[EventType "swiss"]
[EventRounds "13"]
[EventCountry "PHI"]
[SourceTitle "CBM 019"]
[Source "ChessBase"]
[SourceDate "1990.12.01"]
[SourceVersion "1"]
[SourceVersionDate "1990.12.01"]
[SourceQuality "1"]

1. c4 e6 2. Nf3 Nf6 3. g3 d5 4. b3 $5 Be7 5. Bg2 O-O 6. O-O c5 7. e3 Nc6 8. Bb2
d4 9. exd4 cxd4 10. Re1 Re8 (10... Ne8 11. Ne5 Nxe5 12. Rxe5 f6 13. Re1 e5 14.
d3 Nc7 15. Nd2 a5 $13 {Dizdar,G-Todorovic,MG Jug ch 1990 CBM 17}) 11. d3 Bc5
12. a3 a5 13. Nbd2 e5 14. Ng5 Bg4 (14... Bf8 15. Nde4 Nxe4 16. Nxe4 Bf5 17. h3
f6 18. Bc1 Qd7 19. g4 $14 {Panno-Cifuentes Argentina 1984 39/18}) 15. Bf3 $1
Bd7 16. Bc1 h6 17. Nge4 Nxe4 18. Bxe4 f5 19. Bd5+ Kh7 20. Qh5 g6 21. Qh3 Bf8
22. Nf3 f4 23. Ng5+ Qxg5 (23... Kg7 24. Ne6+ Bxe6 25. Bxe6 $14) 24. Qxd7+ Re7
25. Qh3 Qf5 26. Qxf5 gxf5 27. gxf4 Rae8 28. Bxc6 bxc6 29. fxe5 Rxe5 30. Rxe5
Rxe5 31. Bd2 Re2 32. Bxa5 Rb2 33. b4 Rb3 34. c5 f4 35. Kg2 Kg6 36. a4 Kf5 37.
b5 $1 f3+ 38. Kh3 Bxc5 39. bxc6 Rb8 40. Rb1 $1 Re8 41. Rb5 {Ribli} 1-0